00446 2200169 4500001002100000005001500021035002000036008004100056245003900097100002900136260002200165300001300187084001600200082001000216650002600226990002400252INLIS00000000000012620240123010259 a0010-0823000126240123 0 ind 1 aMuhammad Di Mata Cendekiawan Barat aAsy Syaikh Khalil Yasien bGema Insani Press a245 hlm. a2x9.1 YAS m a2x9.1 4aSejarah Nabi Muhammad a0593/STITINKA/01/23